02404nam a22006017a 4500003000900000005001700009008004100026040002800067041001300095044000700108100002600115245010500141246004600246250001200292260005600304300003400360505001100394505002000405505003800425505003800463505006800501505005900569505001900628505003200647505004300679505006400722505007400786505001900860505002800879505004600907505004700953505006301000505001901063505002901082505005601111505005901167505005001226505001801276505004001294505005401334505008601388650001801474650003101492700002501523700003901548908000801587930001001595942001301605945002001618980004301638999001701681952010401698AR-RoUNA20251111160354.0251111b |||||||| |||| 00| 0 spa d aAR-RoUNAbspadAR-RoUNA aspahfre aag1 aBertin, Robert92756010aCimentaciones y obras en recalces /cRobert Bertin, Claude Gasc; traduccion por Jorge Ferrer Viñas aLes fondations et reprises en sous-ceuvre a1a. ed. aBarcelona :bEditores Tecnicos Asociados S.A,c1971 a313 p.:bgráficosc25x17 cm0 tINDICE0 tPRIMERA PARTE 0 tESTUDIOS Y TREBAJOS PRELIMINARES 0 aCap. I. ESTUDIO DEL TERRENO /p.30 aCap. II. CONCEPTO Y ESTUDIO GENERAL DE LAS CIMENTACIONES /p. 470 aCap. III. TRABAJOS PRELIMINARES SOBRE EL TERRENO /p.670 tSEGUNDA PARTE 0 tCIMENTACIONES SUPERFICIALES0 aCap. I. CIMENTACIONES EN ZANJAS /p.1210 aCap. II. CIMENTACIONES SOBRE LOSAS, ZAPATAS Y PLACAS /p.1350 aCap. III. CIMENTACIONES MEDIANTE LOSAS GENERALES O CONTINUAS /p.1490 tTERCERA PARTE0 tCIMENTACIONES PROFUNDAS0 aCap. I. CIMENTACION MEDIANTE POZOS /p.1610 aCap. II. FUNDACIONES SOBRE PILOTES /p.1770 aCap. III. CALCULO DE CIMENTOS SOBRE POZOS Y PILOTES /p.2130 tCUARTA PARTE 0 tCIMENTACIONES ESPECIALES0 aCap. I. CIMENTACIONES CON SUBPRESION DE AGUA /p.2310 aCap. II. CIMENTACIONES EN TERRENOS INESTABLES /p.2450 aCap. III.CIMENTACIONES ANTIVIBRACIONES /p.2650 tQUINTA PARTE 0 tCONSOLIDACIONES, OBRAS EN RECALCES.0 aCap. I. CONSOLIDACION DE LAS CIMENTACIONES /p.2790 aCap. II. CONSTRUCCIONES EN RECALCES DE FABRICA DE MAMPOSTERIA OLADRILLERIA /p.299 4aCimentaciones 4aEstudio del terrenoxSuelo1 aGasc, Claude 9275621 aFerrer Viñals, Jorgeetra927563 aImp e12276 2ddccLIB aMIAd2025-11-11 61aMaricel Allasia81gMaricel Allasia c12235d12235 00102cdu405070aAR-RoUNAbAR-RoUNAcSalad2025-11-11eDonl0o624.15 B544p18420tej. 1yLIBx